Obscure knowledge - LEGO skywalker saga - Statistics

General Stats
  • This quiz has been taken 16 times
  • The average score is 4 of 15
Answer Stats
Question Answer % Correct
What do the clones do during order 67? Dance
100%
Who is the smallest playable character? Babu Frik
56%
How many planets do you visit throughout the entire game? 23
33%
Which ship can only be unlocked after completing all bounty hunter side missions? Slave I
33%
How many Kyber Bricks are required to fully upgrade one character class? 24
22%
What is the name of the cantina band? Figrin D'an and the Modal Nodes
22%
How many studs does the ‘baguette saber’ cost? 250,000
11%
How many boss health bars appear throughout the game? 33
11%
How many total playable characters are in the base game (not including DLC)? 384
11%
What is the name of the alphabet used? Aurebesh
11%
Which extra cheat makes character heads oversized for comedic effect? Big Head Mode
11%
What floats around the rancor’s head when he is dizzy? Chicken legs
11%
What secret NPC appears randomly on Endor humming the Force theme? George Lucas
11%
What bonus effect does the Extra called “Porg Companion” give you? Nothing
11%
Which villain’s voice lines change depending on how many Kyber Bricks you’ve collected in the game? Emperor palpatine
0%
No matching quizzes found
Score Distribution
Percent of People with Each Score
Percentile by Number Answered
Your Score History
You have not taken this quiz